Регионална библиотека "Любен Каравелов" - Русе

Азбука на детската психология (Запис номер 112314)

MARC детайли
000 -Лидер
Контролно поле с фиксирана дължина 01716nam a2200349 c 4500
003 - Код на организацията, давaща контролен номер
Контролно поле BLK
005 - Дата и час на последна редакция
Контролно поле 20190517143220.0
008 - Елементи от данни с фиксирана дължина
fixed length control field 180409b bul|||||r ||||||| ||bul||
010 ## - Наследен системен номер
LC control number KNG00117679000
020 ## - Международен стандартен номер на книга ISBN
Международен стандартен номер на книга ISBN 954-754-071-8
-- издат.: Гарант-21
040 ## - Източник на каталожния запис
Идентификатор на билиотеката - собственик на записа BLK
041 ## - Код за език
Код за езика на текст/звукозапис или на отделно заглавие Български
Код за езика КДБФ Български
080 ## - УДК
Текстов определител УДК Психология на детската възраст. Интелектуално развитие на децата. Психически особености. Детски представи, описани в разкази
УДК код - определител по УДК 159.922.7
УДК определител
УДК - код + определител 159.922.7
080 ## - УДК
Текстов определител УДК Педагогическа психология
УДК код - определител по УДК 37.015.3
УДК определител
УДК - код + определител 37.015.3
100 1# - Редна дума - Автор
Автор Степанов, Сергей Сергеевич
Авторска отговорност първи автор
R(LIN) 298284
139 ## - Редно поле
Редна дума Степанов, Сергей Сергеевич
Авторски знак Сте - С 75
245 10 - Сведения за заглавието
Заглавие Азбука на детската психология
Редно поле (дума) Сергей Сергеевич Степанов; прев. от рус. Татяна Балова.
257 ## - Страна на издаване
Страна на създаване/издаване Русия
260 ## - Област на издателските данни
-- София
Име на издателя, разпространителя и проч. Гарант-21
Година на издаване 2005
Печатница София : Унискорп
300 ## - Физическа характеристика
Страници 160 с.
Размери/Мащаб 20 см
380 ## - Жанр
Жанр Философия
500 ## - Общи забележки
Забележка Ориг. загл. Азбука детской психологии / Сергей Сергеевич Степанов. - Офс. изд.
650 #4 - Допълнително описание по предмет – тема
Основно описание – тема или топоним Детска и педагогическа психология
9 (RLIN) 244538
653 ## - Ключова дума – ненормативна
Ключова дума детска психология
653 ## - Ключова дума – ненормативна
Ключова дума педагогическа психология
700 1# - Други автори (авторска отговорност)
Лично име Балова, Татяна
Автороска отговорност (Описва отношението между автора и произведението) прев. от рус.
9 (RLIN) 365658
852 ## - Местоположение
Форматна сигнатура Цб 227168
856 4# - Електронен адрес и достъп
Електронен формат pdf - файл
Път до файла /url/
856 4# - Електронен адрес и достъп
Електронен формат pdf - файл
Път до файла /url/
942 ## - АРТИКУЛИ
Вид на библиотечния материал Книги
Скрит в OPAC Не
Koha issues (borrowed), all copies 2
944 ## - СЪЗДАВАНЕ И РЕДАКЦИЯ на ЗАПИСА
Създаване/Редакция Създаване
Дата на регистрацията/редакция 05.05.2006
Служител, извършил регистрацията/редакцията Пенка_Димитрова
944 ## - СЪЗДАВАНЕ И РЕДАКЦИЯ на ЗАПИСА
Създаване/Редакция Редакция
Дата на регистрацията/редакция 02.04.2007
Служител, извършил регистрацията/редакцията
999 ## - СИСТЕМНИ КОНТРОЛНИ НОМЕРА
Koha biblionumber 112314
Koha biblioitemnumber 112314
Наличности
Код за отписване Код за изгубен артикул Източник на класификационната схема Код за повреда Коз за рестрикции Код за отдаване Артикулен № Име на библиотеката - собственик Име на библиотеката, в която се намира в момента Статус (Текущо местоположение) Дата на вписване в системата Местоположение - отдел Цена в лева Инвентарен номер Систематично азбучна сигнатура Баркод Номер на екземпляра Цена в евро Служебна бележка Служебен тип на артикула
  Не е изгубен Universal Decimal Classification Не е повреден без рестрикции ползва се в читалня 180157 Регионална библиотека "Любен Каравелов" Русе Регионална библиотека "Любен Каравелов" Русе Читалня 2006-05-04 Читалня 5.90 120000701670 Ч 159.9/С 75 120000701670 1 3.02 Дост: Pk Вид: Ф N: 40440 Дата: 03.05.2006 Дата инв: 21.03.2017 Бележки инв: Ч2017 Книги
  Не е изгубен   Не е повреден без рестрикции ползва се в читалня 180158 Регионална библиотека "Любен Каравелов" Русе Регионална библиотека "Любен Каравелов" Русе Хранилище 2007-04-02 Хранилище 5.90 120000711843 Цб 227168 120000711843 2 3.02 Дост: Dp Вид: Д N: 35 Дата: 02.08.2006 Книги
Vip Innovations Ltd, Rousse, Bulgaria 2025